El ictiol (Registro nro. 164742)

Detalles MARC
000 -LEADER
campo de control de longitud fija 01029nam a2200205 i 4500
001 - NÚMERO DE CONTROL
campo de control 164742
003 - IDENTIFICADOR DE NÚMERO DE CONTROL
campo de control ES-MaACL
005 - FECHA Y HORA DE LA ÚLTIMA TRANSACCIÓN
campo de control 20230906213008.0
008 - DATOS DE LONGITUD FIJA--INFORMACIÓN GENERAL
campo de control de longitud fija 961031s1892 sp |||| | spa d
040 ## - FUENTE DE CATALOGACIÓN
Centro catalogador/agencia de origen CLM
Lengua de catalogación spa
Centro/agencia transcriptor CLM
100 1# - ENTRADA PRINCIPAL--NOMBRE DE PERSONA
Nombre de persona Santamaría y Bustamante, Manuel.
9 (RLIN) 132427
245 13 - MENCIÓN DEL TÍTULO
Título El ictiol
Resto del título : su estudio clínico y terapeutico con un apéndice acerca de sus aplicaciones en las enfermedades de los paises cálidos /
Mención de responsabilidad, etc. por el Doctor Don Manuel Santamaria y Bustamante.
260 ## - PUBLICACIÓN, DISTRIBUCIÓN, ETC.
Lugar de publicación, distribución, etc. Madrid :
Nombre del editor, distribuidor, etc. [s.n.],
Fecha de publicación, distribución, etc. 1892 (
Fabricante Establecimiento tipográfico de G. Pedraza)
300 ## - DESCRIPCIÓN FÍSICA
Extensión 59 p. ;
Dimensiones 21 cm.
530 ## - NOTA DISPONIBLE DE FORMULARIO FÍSICO ADICIONAL
Nota de formato físico adicional disponible Disponible también en sito web.
650 #4 - PUNTO DE ACCESO ADICIONAL DE MATERIA--TÉRMINO DE MATERIA
Término de materia o nombre geográfico como elemento de entrada Antisépticos.
9 (RLIN) 148882
852 ## - LOCALIZACIÓN
Ubicación ES-MaACL
Número de control de estantería T-945-F-3
Nota libre -- Enc. hol. conservando la cub. original
-- -- Sello del Ministerio de Fomento, Deposito de Libros
-- -- Enc. en un vol. facticio
852 ## - LOCALIZACIÓN
Ubicación ES-MaACL
Número de control de estantería T-561-F-7
856 ## - LOCALIZACIÓN Y ACCESO ELECTRÓNICOS
Identificador Uniforme de Recursos <a href="http://bibliotecadigitalhispanica.bne.es:80/webclient/DeliveryManager?pid=1832922&custom_att_2=simple_viewer">http://bibliotecadigitalhispanica.bne.es:80/webclient/DeliveryManager?pid=1832922&custom_att_2=simple_viewer</a>
Nota pública Ir a la página
Existencias
Estatus retirado Estado de pérdida Estado de daño No para préstamo Colección Biblioteca de origen Biblioteca actual Ubicación en estantería Fecha de adquisición Fuente de adquisición Total de préstamos Signatura topográfica completa Código de barras Visto por última vez Precio de reemplazo Tipo de ítem Koha
        Colección de folletos Biblioteca del Ateneo de Madrid Biblioteca del Ateneo de Madrid Depósito folletos 28/12/2011     T-561-F-7 1188717 23/02/2023 23/02/2023 Folleto
        Colección de folletos Biblioteca del Ateneo de Madrid Biblioteca del Ateneo de Madrid Depósito folletos 17/01/2008     T-945-F-3 1172692 23/02/2023 23/02/2023 Folleto